[Event "Oberliga Sued W 2122"]
[Site "Germany"]
[Date "2022.06.12"]
[Round "4.1"]
[White "Lang, Torsten"]
[Black "Bruehl, Andreas"]
[Result "1/2-1/2"]
[WhiteElo "2296"]
[BlackElo "2318"]
[PlyCount "43"]
[EventDate "2021.10.24"]
[EventType "team-tourn"]
[EventRounds "9"]
[EventCountry "GER"]
[SourceTitle "EXT 2023"]
[Source "ChessBase"]
[SourceDate "2022.10.05"]
[SourceVersion "1"]
[SourceVersionDate "2022.10.05"]
[SourceQuality "1"]
[WhiteTeam "Landau"]
[BlackTeam "Altenkirchen"]
[WhiteTeamCountry "GER"]
[BlackTeamCountry "GER"]

1. d4 Nf6 2. Nf3 g6 3. g3 Bg7 4. Bg2 0-0 5. 0-0 d6 6. Nc3 Nbd7 7. e4 e5 8. Re1 c6 9. a4 Qc7 10. h3 Re8 11. Be3 h6 12. Qd2 Kh7 13. Rad1 a6 14. d5 cxd5 15. Nxd5 Nxd5 16. Qxd5 Nc5 17. b3 Bf8 18. Nh2 Be6 19. Qd2 Qc8 20. Nf1 b5 21. axb5 axb5 22. Ra1 1/2-1/2

[Event "Oberliga Sued W 2122"]
[Site "Germany"]
[Date "2021.10.24"]
[Round "1.1"]
[White "Bruehl, Andreas"]
[Black "Perske, Thore"]
[Result "0-1"]
[WhiteElo "2318"]
[BlackElo "2443"]
[PlyCount "106"]
[EventDate "2021.10.24"]
[EventType "team-tourn"]
[EventRounds "9"]
[EventCountry "GER"]
[SourceTitle "EXT 2023"]
[Source "ChessBase"]
[SourceDate "2022.10.05"]
[SourceVersion "1"]
[SourceVersionDate "2022.10.05"]
[SourceQuality "1"]
[WhiteTeam "Altenkirchen"]
[BlackTeam "Heidesheim"]
[WhiteTeamCountry "GER"]
[BlackTeamCountry "GER"]

1. d4 Nf6 2. c4 g6 3. Nc3 Bg7 4. e4 d6 5. h3 0-0 6. Be3 c5 7. Nf3 cxd4 8. Nxd4 a6 9. Be2 b6 10. 0-0 Bb7 11. f3 Nbd7 12. Qd2 Nh5 13. Rfd1 Rc8 14. Rac1 Re8 15. b3 Nc5 16. Bf1 Ng3 17. Bg5 Nxf1 18. Kxf1 Bxd4 19. Qxd4 Ne6 20. Qd2 Nxg5 21. Qxg5 b5 22. Nd5 bxc4 23. Rxc4 Rxc4 24. bxc4 Bxd5 25. cxd5 Qb6 26. Qd2 Rb8 27. Rc1 Qb2 28. Rc2 Qe5 29. Kf2 h5 30. Kg1 Rb1+ 31. Rc1 Qb2 32. Qxb2 Rxb2 33. Rc7 Kf8 34. a4 Rb4 35. a5 Rb5 36. h4 Rxa5 37. Ra7 f5 38. exf5 gxf5 39. f4 Ra4 40. g3 a5 41. Ra8+ Kg7 42. Re8 Re4 43. Ra8 a4 44. Kg2 Re2+ 45. Kf3 Ra2 46. Ke3 a3 47. Kd4 Ra1 48. Kc3 Rg1 49. Rxa3 Rxg3+ 50. Kb4 Rg4 51. Rf3 Rxh4 52. Kb5 Kf7 53. Kc6 Ke8 0-1

[Event "Oberliga Sued W 1920"]
[Site "Germany"]
[Date "2021.07.11"]
[Round "8.1"]
[White "Bruehl, Andreas"]
[Black "Mayer, Frank"]
[Result "0-1"]
[WhiteElo "2335"]
[BlackElo "2280"]
[PlyCount "78"]
[EventDate "2019.09.29"]
[EventType "team-tourn"]
[EventRounds "9"]
[EventCountry "GER"]
[SourceTitle "EXT 2023"]
[Source "ChessBase"]
[SourceDate "2022.10.05"]
[SourceVersion "1"]
[SourceVersionDate "2022.10.05"]
[SourceQuality "1"]
[WhiteTeam "Altenkirchen"]
[BlackTeam "Illingen Turm"]
[WhiteTeamCountry "GER"]
[BlackTeamCountry "GER"]

1. d4 Nf6 2. c4 e6 3. g3 c5 4. Nf3 cxd4 5. Nxd4 d5 6. Bg2 e5 7. Nf3 d4 8. 0-0 Nc6 9. e3 Be7 10. exd4 exd4 11. a3 a5 12. b3 0-0 13. Bb2 Qb6 14. Re1 Bc5 15. Qd3 Bg4 16. Nbd2 Rfe8 17. Rxe8+ Rxe8 18. Re1 Rxe1+ 19. Nxe1 Ne5 20. Qf1 Bf5 21. h3 h5 22. Kh1 Qd6 23. Bxb7 Bxa3 24. Bxa3 Qxa3 25. Qe2 Ned7 26. Bg2 Qb2 27. Kh2 Bg6 28. Nef3 Ne4 29. Qd3 Nxd2 30. Qxd2 Qxd2 31. Nxd2 Nc5 32. Bf3 Bc2 33. Bxh5 Nxb3 34. Nxb3 Bxb3 35. c5 Kf8 36. Bg4 Ke7 37. Bf5 a4 38. Kg2 a3 39. Bb1 d3 0-1

[Event "BEL-chT 1920"]
[Site "Belgium"]
[Date "2020.02.02"]
[Round "7.6"]
[White "Van der Stricht, Geert"]
[Black "Bruehl, Andreas"]
[Result "1-0"]
[WhiteElo "2373"]
[BlackElo "2348"]
[PlyCount "113"]
[EventDate "2019.09.29"]
[EventType "team-tourn"]
[EventRounds "11"]
[EventCountry "BEL"]
[SourceTitle "CBM 195 Extra"]
[Source "ChessBase"]
[SourceDate "2020.05.31"]
[SourceVersion "1"]
[SourceVersionDate "2020.05.31"]
[SourceQuality "1"]
[WhiteTeam "KGSRL"]
[BlackTeam "Eupen Rochade"]
[WhiteTeamCountry "BEL"]
[BlackTeamCountry "BEL"]

1. d4 d5 2. c4 c6 3. Nc3 Nf6 4. Nf3 e6 5. e3 Nbd7 6. Qc2 Bd6 7. Be2 dxc4 8. Bxc4 0-0 9. 0-0 e5 10. Bb3 Qe7 11. h3 Kh8 12. Bd2 h6 13. Kh1 e4 14. Ng1 Nb6 15. f4 Nh5 16. Be1 f5 17. Qe2 Nf6 18. Bh4 Be6 19. g4 Bxb3 20. axb3 Qe6 21. gxf5 Qxf5 22. Bxf6 gxf6 23. Qg4 Qxg4 24. hxg4 Bb4 25. Nge2 Nd5 26. Nxd5 cxd5 27. Nc3 Bxc3 28. bxc3 Rfc8 29. Rfc1 a5 30. c4 a4 31. cxd5 Rxc1+ 32. Rxc1 a3 33. d6 a2 34. Ra1 Rd8 35. Rxa2 Rxd6 36. Rc2 Rb6 37. Rc3 Kg7 38. Kg2 Kg6 39. Kg3 h5 40. f5+ Kg5 41. gxh5 Kxf5 42. Rc5+ Ke6 43. h6 Kf7 44. Rc7+ Kg8 45. Kf4 Rb5 46. Kxe4 f5+ 47. Kf4 Rxb3 48. Rg7+ Kh8 49. Rf7 b5 50. Rxf5 Kh7 51. Rf6 Rb1 52. Rb6 b4 53. Ke5 b3 54. d5 b2 55. e4 Kh8 56. Rb7 Kg8 57. d6 1-0

[Event "BEL-chT 1920"]
[Site "Belgium"]
[Date "2019.12.01"]
[Round "5.6"]
[White "Lenaerts, Lennert"]
[Black "Bruehl, Andreas"]
[Result "1-0"]
[WhiteElo "2335"]
[BlackElo "2348"]
[PlyCount "75"]
[EventDate "2019.09.29"]
[EventType "team-tourn"]
[EventRounds "11"]
[EventCountry "BEL"]
[SourceTitle "CBM 195 Extra"]
[Source "ChessBase"]
[SourceDate "2020.05.31"]
[SourceVersion "1"]
[SourceVersionDate "2020.05.31"]
[SourceQuality "1"]
[WhiteTeam "Liege Crelel"]
[BlackTeam "Eupen Rochade"]
[WhiteTeamCountry "BEL"]
[BlackTeamCountry "BEL"]

1. d4 d5 2. c4 c6 3. cxd5 cxd5 4. Bf4 Nc6 5. e3 Nf6 6. Nc3 Bf5 7. Nf3 e6 8. Qb3 Bb4 9. Ne5 Qb6 10. Nxc6 bxc6 11. Be2 0-0 12. 0-0 Rfc8 13. Rfc1 Nd7 14. Na4 Qa5 15. Ba6 Qxa6 16. Qxb4 Qb5 17. Qxb5 cxb5 18. Nc5 Nxc5 19. dxc5 Rc6 20. a4 b4 21. a5 Rac8 22. Bd6 f6 23. Rd1 e5 24. Rxd5 Be6 25. Rd2 Bb3 26. f4 Kf7 27. fxe5 fxe5 28. Rf1+ Ke6 29. e4 Ra6 30. Rf5 Rxa5 31. Rxe5+ Kf6 32. Rf2+ Kg6 33. h4 h6 34. Rf3 Bc2 35. Rg3+ Kh7 36. Re7 Rg8 37. Be5 Rxc5 38. Bxg7 1-0

[Event "Oberliga Sued W 1819"]
[Site "Germany"]
[Date "2019.02.24"]
[Round "7.1"]
[White "Bruehl, Andreas"]
[Black "Winterberg, Lukas"]
[Result "1/2-1/2"]
[WhiteElo "2312"]
[BlackElo "2373"]
[PlyCount "121"]
[EventDate "2018.10.21"]
[EventType "team-tourn"]
[EventRounds "9"]
[EventCountry "GER"]
[SourceTitle "EXT 2020"]
[Source "ChessBase"]
[SourceDate "2019.10.17"]
[SourceVersion "1"]
[SourceVersionDate "2019.10.17"]
[SourceQuality "1"]
[WhiteTeam "Altenkirchen"]
[BlackTeam "Heimbach Weis/Neuwied"]
[WhiteTeamCountry "GER"]
[BlackTeamCountry "GER"]

1. d4 Nf6 2. c4 e6 3. g3 d5 4. Bg2 dxc4 5. Nf3 c5 6. 0-0 Nc6 7. dxc5 Qxd1 8. Rxd1 Bxc5 9. Nbd2 c3 10. bxc3 0-0 11. Nb3 Be7 12. c4 Bd7 13. Bb2 Rfd8 14. Nfd4 Rac8 15. Nb5 b6 16. Rac1 a5 17. a4 Be8 18. Rxd8 Rxd8 19. Nc7 Nb4 20. Nxe8 Rxe8 21. c5 bxc5 22. Nxa5 Nfd5 23. Nc4 f6 24. a5 Rb8 25. Be4 Bd8 26. Ba3 Ra8 27. Ra1 Ra7 28. Bxb4 cxb4 29. a6 b3 30. Bd3 Nb4 31. Ra4 Nxd3 32. exd3 f5 33. d4 Bf6 34. Nd2 b2 35. f4 Rd7 36. Kf1 Bxd4 37. Ke2 Bc5 38. Nb1 Kf7 39. Ra2 Bd4 40. Kd3 Ke7 41. Kc2 Kd6 42. Nd2 Ra7 43. Nc4+ Kc5 44. Nxb2 Kb5 45. Nd3 Rxa6 46. Rxa6 Kxa6 47. Ne1 Kb5 48. Kd3 Kc5 49. Nf3 Bf6 50. h3 h5 51. h4 Kd5 52. Ke3 e5 53. fxe5 Bxe5 54. Kf2 Bd4+ 55. Ke2 Bb6 56. Ng5 f4 57. gxf4 Bd8 58. f5 Bf6 59. Kf3 Ke5 60. Ne6 Kxf5 61. Nxg7+ 1/2-1/2

[Event "BEL-chT 1819"]
[Site "Belgium"]
[Date "2019.02.10"]
[Round "7.5"]
[White "Bruehl, Andreas"]
[Black "Caels, Viviane"]
[Result "1-0"]
[WhiteElo "2312"]
[BlackElo "1901"]
[PlyCount "41"]
[EventDate "2018.09.30"]
[EventType "team-tourn"]
[EventRounds "11"]
[EventCountry "BEL"]
[SourceTitle "CBM 189 Extra"]
[Source "ChessBase"]
[SourceDate "2019.06.03"]
[SourceVersion "1"]
[SourceVersionDate "2019.06.03"]
[SourceQuality "1"]
[WhiteTeam "KSK Rochade"]
[BlackTeam "Boitsfort"]
[WhiteTeamCountry "BEL"]
[BlackTeamCountry "BEL"]

1. d4 d5 2. c4 Nf6 3. cxd5 Nxd5 4. Nf3 e6 5. e4 Bb4+ 6. Bd2 Bxd2+ 7. Qxd2 Nf6 8. Nc3 Nc6 9. Bd3 0-0 10. e5 Nd5 11. Ne4 f5 12. exf6 gxf6 13. 0-0-0 Qe7 14. Rhe1 Qb4 15. Qh6 Rf7 16. Neg5 fxg5 17. Nxg5 Nf6 18. Nxf7 Kxf7 19. Bxh7 Ne7 20. Re3 Nf5 21. Bg6+ 1-0

[Event "Oberliga Sued W 1819"]
[Site "Germany"]
[Date "2019.01.20"]
[Round "5.1"]
[White "Bruehl, Andreas"]
[Black "Pucher, Sebastien"]
[Result "1-0"]
[WhiteElo "2312"]
[BlackElo "2291"]
[PlyCount "97"]
[EventDate "2018.10.21"]
[EventType "team-tourn"]
[EventRounds "9"]
[EventCountry "GER"]
[SourceTitle "EXT 2020"]
[Source "ChessBase"]
[SourceDate "2019.10.17"]
[SourceVersion "1"]
[SourceVersionDate "2019.10.17"]
[SourceQuality "1"]
[WhiteTeam "Altenkirchen"]
[BlackTeam "Saarbruecken Gambit"]
[WhiteTeamCountry "GER"]
[BlackTeamCountry "GER"]

1. d4 d5 2. c4 e6 3. Nf3 Nf6 4. g3 dxc4 5. Bg2 Bb4+ 6. Bd2 c5 7. Bxb4 cxb4 8. Ne5 0-0 9. Nxc4 Nc6 10. e3 e5 11. dxe5 Qxd1+ 12. Kxd1 Ng4 13. Bxc6 bxc6 14. Ke1 f6 15. f4 fxe5 16. h3 Ba6 17. hxg4 Bxc4 18. Nd2 Bb5 19. Kf2 Rad8 20. Rhd1 Rd3 21. Ne4 exf4 22. gxf4 Rfd8 23. Rxd3 Rxd3 24. Rc1 h6 25. f5 a5 26. Kf3 Kf8 27. Kf4 Ke7 28. Rc5 Rd5 29. Rxd5 cxd5 30. Ng3 Bc4 31. a3 bxa3 32. bxa3 Bb3 33. Ke5 Bd1 34. Kxd5 Bxg4 35. Ke5 Kf7 36. Ne4 Bd1 37. Nd6+ Ke7 38. Nc4 a4 39. e4 Bb3 40. Ne3 Kf7 41. Kd6 Ke8 42. e5 Kd8 43. e6 h5 44. e7+ Ke8 45. f6 g6 46. Ng2 Bc4 47. Nf4 Bb5 48. Ne6 Kf7 49. Nc7 1-0

[Event "BEL-chT 1819"]
[Site "Belgium"]
[Date "2018.10.28"]
[Round "3.5"]
[White "Bruehl, Andreas"]
[Black "Wijgers, Toon"]
[Result "1-0"]
[WhiteElo "2312"]
[BlackElo "2041"]
[PlyCount "119"]
[EventDate "2018.09.30"]
[EventType "team-tourn"]
[EventRounds "11"]
[EventCountry "BEL"]
[SourceTitle "CBM 187 Extra"]
[Source "ChessBase"]
[SourceDate "2018.11.04"]
[SourceVersion "1"]
[SourceVersionDate "2018.11.04"]
[SourceQuality "1"]
[WhiteTeam "KSK Rochade"]
[BlackTeam "Brasschaat"]
[WhiteTeamCountry "BEL"]
[BlackTeamCountry "BEL"]

1. d4 Nf6 2. c4 e6 3. g3 Bb4+ 4. Bd2 a5 5. Bg2 d6 6. Nc3 Nbd7 7. a3 Bxc3 8. Bxc3 a4 9. e3 0-0 10. Ne2 d5 11. cxd5 exd5 12. Bb4 Re8 13. Nc3 Nb6 14. 0-0 Bf5 15. Bc5 Nc4 16. Nxa4 b5 17. Nc3 Nxb2 18. Qe2 Nc4 19. Nxb5 Rb8 20. Bxd5 Nxd5 21. Qxc4 Be4 22. Nc3 Nxc3 23. Qxc3 Qd5 24. Bb4 Bh1 25. e4 Bxe4 26. f3 Bg6 27. Rfe1 h5 28. Kg2 h4 29. gxh4 Qh5 30. Rxe8+ Rxe8 31. Re1 Rc8 32. Kg3 Bf5 33. Qd2 f6 34. Qf4 Qg6+ 35. Kf2 Bb1 36. Qg4 Bf5 37. Qxg6 Bxg6 38. a4 Be8 39. a5 Bb5 40. Ra1 Ba6 41. Rc1 Rb8 42. Bd2 Rd8 43. Be3 Rd5 44. Rc5 Rxc5 45. dxc5 g6 46. c6 Bb5 47. Bf4 Bxc6 48. a6 Bb5 49. a7 Bc6 50. Bxc7 Kf7 51. Kg3 Ba8 52. Kg4 Bc6 53. f4 Bd7+ 54. f5 gxf5+ 55. Kf4 Bc6 56. Kxf5 Bd7+ 57. Kf4 Bc6 58. h5 Kg7 59. Bd8 Bb7 60. h6+ 1-0

[Event "BEL-chT 1819"]
[Site "Belgium"]
[Date "2018.09.30"]
[Round "1.5"]
[White "Bruehl, Andreas"]
[Black "Claesen, Pieter"]
[Result "1/2-1/2"]
[WhiteElo "2312"]
[BlackElo "2305"]
[PlyCount "102"]
[EventDate "2018.09.30"]
[EventType "team-tourn"]
[EventRounds "11"]
[EventCountry "BEL"]
[SourceTitle "CBM 186 Extra"]
[Source "ChessBase"]
[SourceDate "2018.08.24"]
[SourceVersion "1"]
[SourceVersionDate "2018.08.24"]
[SourceQuality "1"]
[WhiteTeam "KSK Rochade"]
[BlackTeam "Fontaine"]
[WhiteTeamCountry "BEL"]
[BlackTeamCountry "BEL"]

1. d4 d5 2. c4 c6 3. Nf3 Nf6 4. e3 Bg4 5. cxd5 Bxf3 6. Qxf3 cxd5 7. Nc3 Nc6 8. Bd2 e6 9. Bd3 Bd6 10. 0-0 0-0 11. Qh3 Re8 12. g4 e5 13. g5 Ne4 14. Bxe4 dxe4 15. d5 Qxg5+ 16. Kh1 Ne7 17. Nxe4 Qf5 18. Qxf5 Nxf5 19. Nxd6 Nxd6 20. Bb4 Red8 21. Rac1 a5 22. Bxd6 Rxd6 23. e4 f5 24. f3 Rf8 25. Rc7 fxe4 26. Rg1 Rxf3 27. Rgxg7+ Kf8 28. Rxh7 Kg8 29. Rcg7+ Kf8 30. Rxb7 Kg8 31. Rhg7+ Kf8 32. Rgc7 Rd8 33. Kg2 Rd3 34. Kf2 R3xd5 35. Ke3 Rd2 36. h4 Rh2 37. Kxe4 Rxh4+ 38. Kxe5 Rh5+ 39. Ke4 Rh4+ 40. Kf5 Rh2 41. a4 Rf2+ 42. Ke4 Rfd2 43. Rc4 Re8+ 44. Kf3 Rd3+ 45. Kf4 Re7 46. Rb5 Rd1 47. Rc8+ Kf7 48. Kf3 Rd3+ 49. Kf4 Rd4+ 50. Kf5 Rxa4 51. Ra8 Ra1 1/2-1/2

[Event "BEL-chT 1718"]
[Site "Belgium"]
[Date "2018.03.11"]
[Round "8.5"]
[White "Bruehl, Andreas"]
[Black "Fontaine, Quentin"]
[Result "1-0"]
[WhiteElo "2359"]
[BlackElo "2328"]
[PlyCount "87"]
[EventDate "2017.09.24"]
[EventType "team-tourn"]
[EventRounds "11"]
[EventCountry "BEL"]
[SourceTitle "EXT 2019"]
[Source "ChessBase"]
[SourceDate "2018.10.10"]
[SourceVersion "1"]
[SourceVersionDate "2018.10.10"]
[SourceQuality "1"]
[WhiteTeam "KSK Rochade"]
[BlackTeam "Fontaine"]
[WhiteTeamCountry "BEL"]
[BlackTeamCountry "BEL"]

1. d4 Nf6 2. c4 e6 3. g3 d5 4. Bg2 Be7 5. Nf3 0-0 6. 0-0 dxc4 7. Ne5 c5 8. dxc5 Qc7 9. Nxc4 Qxc5 10. Nbd2 Rd8 11. e3 Qc7 12. b3 Bd7 13. Qe2 Bc6 14. e4 b5 15. Ne3 Nbd7 16. Bb2 Qb7 17. Rfd1 Nc5 18. e5 Nd5 19. Rac1 Nxe3 20. Bxc6 Qxc6 21. fxe3 Qb7 22. Bd4 Na6 23. Qg2 Qxg2+ 24. Kxg2 Nb4 25. Ne4 Rac8 26. Nd6 Rxc1 27. Rxc1 Bxd6 28. exd6 h5 29. a3 Nd3 30. Rc6 f6 31. Bxa7 Ne5 32. Rb6 Ra8 33. Rb8+ Rxb8 34. Bxb8 Kf7 35. a4 bxa4 36. bxa4 Ke8 37. a5 Kd7 38. a6 Kc6 39. Bc7 Nd7 40. e4 g5 41. Bd8 g4 42. Kf1 Nc5 43. a7 Kb7 44. Bxf6 1-0

[Event "Oberliga Sued W 1718"]
[Site "Germany"]
[Date "2018.02.25"]
[Round "9.1"]
[White "Dgebuadze, Alexandre"]
[Black "Bruehl, Andreas"]
[Result "1/2-1/2"]
[WhiteElo "2524"]
[BlackElo "2359"]
[PlyCount "130"]
[EventDate "2017.09.10"]
[EventType "team-tourn"]
[EventRounds "11"]
[EventCountry "GER"]
[SourceTitle "EXT 2019"]
[Source "ChessBase"]
[SourceDate "2018.10.10"]
[SourceVersion "1"]
[SourceVersionDate "2018.10.10"]
[SourceQuality "1"]
[WhiteTeam "Remagen"]
[BlackTeam "Altenkirchen"]
[WhiteTeamCountry "GER"]
[BlackTeamCountry "GER"]

1. e4 e5 2. Bc4 Nf6 3. d3 c6 4. Nf3 d5 5. Bb3 Bd6 6. exd5 Nxd5 7. 0-0 0-0 8. Re1 Re8 9. Bg5 f6 10. Bd2 Kh8 11. Nc3 Be6 12. d4 exd4 13. Nxd4 Nxc3 14. Bxc3 Bxb3 15. axb3 Rxe1+ 16. Qxe1 Nd7 17. Rd1 Be5 18. Nf3 Qc7 19. Qd2 Bxc3 20. Qxd7 Qxd7 21. Rxd7 Bxb2 22. Rxb7 c5 23. Rc7 Ba3 24. Ne1 a5 25. Nd3 a4 26. bxa4 Kg8 27. Nxc5 Bxc5 28. Rxc5 Rxa4 29. Kf1 Re4 30. Rc7 h5 31. g3 Kh7 32. h4 Kh6 33. Rc6 Kg6 34. Rd6 Rc4 35. Rd2 Kf5 36. Ke2 Rc3 37. Kd1 g5 38. Rd5+ Kg4 39. Kd2 Rf3 40. Ke2 Rc3 41. Kd2 Rf3 42. Ke1 Rc3 43. Rd6 gxh4 44. Rd4+ Kf5 45. Rxh4 Rxc2 46. Rxh5+ Kg6 47. Rd5 f5 48. Rd2 Rc3 49. Ke2 f4 50. gxf4 Kf5 51. Rd4 Ra3 52. f3 Ra2+ 53. Ke3 Ra3+ 54. Kf2 Ra8 55. Re4 Rb8 56. Kg2 Rg8+ 57. Kf1 Ra8 58. Ke2 Ra2+ 59. Ke3 Ra3+ 60. Kf2 Ra8 61. Re7 Kxf4 62. Rf7+ Kg5 63. Kg3 Ra4 64. f4+ Kg6 65. Rb7 Ra1 1/2-1/2

[Event "Oberliga Sued W 1718"]
[Site "Germany"]
[Date "2017.11.12"]
[Round "4.1"]
[White "Frischmann, Rick"]
[Black "Bruehl, Andreas"]
[Result "1-0"]
[WhiteElo "2306"]
[BlackElo "2359"]
[PlyCount "101"]
[EventDate "2017.09.10"]
[EventType "team-tourn"]
[EventRounds "11"]
[EventCountry "GER"]
[SourceTitle "EXT 2019"]
[Source "ChessBase"]
[SourceDate "2018.10.10"]
[SourceVersion "1"]
[SourceVersionDate "2018.10.10"]
[SourceQuality "1"]
[WhiteTeam "Schwarzenbach Caissa"]
[BlackTeam "Altenkirchen"]
[WhiteTeamCountry "GER"]
[BlackTeamCountry "GER"]

1. e4 e5 2. Nf3 Nc6 3. d4 exd4 4. Nxd4 Nf6 5. Nxc6 bxc6 6. e5 Qe7 7. Qe2 Nd5 8. c4 Ba6 9. b3 g5 10. h4 Bg7 11. Bb2 0-0-0 12. Nd2 Nb4 13. Qe4 Rhe8 14. 0-0-0 Nxa2+ 15. Kb1 Nb4 16. hxg5 Qxg5 17. f4 f5 18. Qe3 Qe7 19. Qxa7 Bb7 20. Rxh7 Rh8 21. Rxh8 Rxh8 22. Qf2 c5 23. g3 Rh1 24. Bc3 Bf8 25. Be2 Qh7 26. Rxh1 Qxh1+ 27. Kb2 Qh6 28. Bxb4 cxb4 29. Bf3 Qa6 30. Bxb7+ Kxb7 31. Qf3+ c6 32. Qd3 Kc7 33. Qxf5 Bc5 34. Qd3 Qa7 35. Nf3 Bf2 36. Qd6+ Kc8 37. Qf8+ Kc7 38. Qd6+ Kc8 39. Qf8+ Kc7 40. Qxb4 Qe3 41. Qd6+ Kc8 42. e6 Qxf3 43. Qxd7+ Kb8 44. Qd6+ Kb7 45. e7 Qe2+ 46. Ka3 Be3 47. Qd7+ Kb6 48. Qd8+ Kb7 49. e8Q Bc1+ 50. Kb4 c5+ 51. Kb5 1-0

[Event "Oberliga Sued W 1718"]
[Site "Germany"]
[Date "2017.10.22"]
[Round "3.1"]
[White "Bruehl, Andreas"]
[Black "Lang, Torsten"]
[Result "0-1"]
[WhiteElo "2359"]
[BlackElo "2327"]
[PlyCount "98"]
[EventDate "2017.09.10"]
[EventType "team-tourn"]
[EventRounds "11"]
[EventCountry "GER"]
[SourceTitle "EXT 2019"]
[Source "ChessBase"]
[SourceDate "2018.10.10"]
[SourceVersion "1"]
[SourceVersionDate "2018.10.10"]
[SourceQuality "1"]
[WhiteTeam "Altenkirchen"]
[BlackTeam "Landau"]
[WhiteTeamCountry "GER"]
[BlackTeamCountry "GER"]

1. d4 Nf6 2. c4 e6 3. g3 c5 4. Nf3 cxd4 5. Nxd4 Bb4+ 6. Bd2 Bxd2+ 7. Nxd2 0-0 8. Bg2 Nc6 9. Nb5 d5 10. 0-0 d4 11. c5 e5 12. Nd6 Qe7 13. Qb3 Rb8 14. Nxc8 Rfxc8 15. Rac1 e4 16. e3 Re8 17. exd4 Nxd4 18. Qe3 Rbd8 19. Rfe1 Ng4 20. Qxe4 Qd7 21. Qxb7 Qf5 22. Nf3 Ne2+ 23. Rxe2 Rxe2 24. c6 Rc2 25. Rf1 Qc5 26. b4 Qxc6 27. Qxa7 Qc4 28. h3 Nf6 29. a3 h6 30. Ne5 Qe6 31. Qe3 Rdd2 32. Ng4 Nxg4 33. Qxe6 fxe6 34. hxg4 Ra2 35. b5 Rdb2 36. Bc6 Kf7 37. Kg2 Rxa3 38. Kg1 Raa2 39. Rd1 Rxf2 40. b6 Rfb2 41. b7 Ra3 42. Rf1+ Ke7 43. Bf3 Rab3 44. Rf2 Kd6 45. Kg2 Kc5 46. Be4 Kd4 47. Bc6 e5 48. Rxb2 Rxb2+ 49. Kf3 g5 0-1

[Event "Oberliga Sued W 1718"]
[Site "Germany"]
[Date "2017.10.08"]
[Round "2.1"]
[White "Ollenberger, Roland"]
[Black "Bruehl, Andreas"]
[Result "1-0"]
[WhiteElo "2287"]
[BlackElo "2359"]
[PlyCount "77"]
[EventDate "2017.09.10"]
[EventType "team-tourn"]
[EventRounds "11"]
[EventCountry "GER"]
[SourceTitle "EXT 2019"]
[Source "ChessBase"]
[SourceDate "2018.10.10"]
[SourceVersion "1"]
[SourceVersionDate "2018.10.10"]
[SourceQuality "1"]
[WhiteTeam "Worms"]
[BlackTeam "Altenkirchen"]
[WhiteTeamCountry "GER"]
[BlackTeamCountry "GER"]

1. e4 e5 2. Nf3 Nc6 3. Bb5 Nf6 4. Nc3 Bb4 5. 0-0 0-0 6. d3 d6 7. Bxc6 bxc6 8. Ne2 Bc5 9. Ng3 Bb6 10. Qe2 h6 11. h3 Kh7 12. c4 Qe7 13. Bd2 g6 14. Bc3 Bd7 15. b4 c5 16. b5 a6 17. a4 axb5 18. axb5 c6 19. bxc6 Bxc6 20. Nh2 Rxa1 21. Bxa1 Ra8 22. Qb2 Nd7 23. f4 Bd8 24. Nf3 f6 25. f5 g5 26. h4 Nb8 27. Qd2 Be8 28. hxg5 hxg5 29. Qe2 Nc6 30. Nh2 Qb7 31. Qg4 Qb3 32. Qh3+ Kg8 33. Nh5 Qb7 34. Ng4 Bxh5 35. Qxh5 Qe7 36. Kf2 Ra2+ 37. Kg3 Rxa1 38. Rxa1 Nd4 39. Rh1 1-0

[Event "Oberliga Sued W 1617"]
[Site "Germany"]
[Date "2017.03.19"]
[Round "8.1"]
[White "Nasshan, Dennis"]
[Black "Bruehl, Andreas"]
[Result "1-0"]
[WhiteElo "2302"]
[BlackElo "2350"]
[PlyCount "121"]
[EventDate "2016.09.25"]
[EventType "team-tourn"]
[EventRounds "9"]
[EventCountry "GER"]
[SourceTitle "EXT 2018"]
[Source "ChessBase"]
[SourceDate "2017.10.13"]
[SourceVersion "1"]
[SourceVersionDate "2017.10.13"]
[SourceQuality "1"]
[WhiteTeam "Worms"]
[BlackTeam "Altenkirchen"]
[WhiteTeamCountry "GER"]
[BlackTeamCountry "GER"]

1. d4 d5 2. c4 c6 3. Nf3 Nf6 4. e3 Bf5 5. Nc3 e6 6. Nh4 Be4 7. f3 Bg6 8. Qb3 Qc7 9. Bd2 Nbd7 10. cxd5 exd5 11. Nxg6 hxg6 12. 0-0-0 b5 13. Qc2 0-0-0 14. Kb1 Nb6 15. b3 Kb7 16. h3 Ba3 17. Bd3 a5 18. Bc1 Bb4 19. Bb2 Qe7 20. e4 Rhe8 21. e5 Nfd7 22. Rc1 Rc8 23. f4 Nf8 24. g4 a4 25. Ne2 axb3 26. axb3 Nfd7 27. h4 Nb8 28. h5 gxh5 29. Rxh5 Na6 30. Rh7 Rg8 31. Ng3 Qf8 32. Nf5 Be7 33. Qd2 Rc7 34. Nxe7 Qxe7 35. f5 Nd7 36. Be2 Nf8 37. Rh3 g6 38. Bf3 gxf5 39. gxf5 Qg5 40. Qxg5 Rxg5 41. Rh5 Rg3 42. Rf1 f6 43. Bc1 Rh7 44. e6 Nc7 45. Rxh7 Nxh7 46. Bf4 Rh3 47. Bg4 Rh4 48. Rg1 Ne8 49. Kc2 Ng5 50. Bxg5 fxg5 51. Be2 Rh2 52. Kd1 Rh4 53. Rxg5 Rxd4+ 54. Kc2 Kc7 55. Rg8 Nf6 56. Rf8 Ne4 57. e7 Nd6 58. f6 Re4 59. Bh5 Re5 60. e8Q Nxe8 61. Rxe8 1-0

[Event "BEL-chT 1415"]
[Site "Belgium"]
[Date "2015.03.15"]
[Round "10.2"]
[White "Bruehl, Andreas"]
[Black "Bolzoni, Victor Angel"]
[Result "1-0"]
[WhiteElo "2361"]
[BlackElo "2189"]
[PlyCount "79"]
[EventDate "2014.09.28"]
[EventType "team-swiss"]
[EventRounds "11"]
[EventCountry "BEL"]
[SourceTitle "EXT 2016"]
[Source "ChessBase"]
[SourceDate "2015.10.08"]
[SourceVersion "1"]
[SourceVersionDate "2015.10.08"]
[SourceQuality "1"]
[WhiteTeam "KSK Rochade"]
[BlackTeam "Namur"]
[WhiteTeamCountry "BEL"]
[BlackTeamCountry "BEL"]

1. d4 Nf6 2. c4 g6 3. Nc3 d5 4. cxd5 Nxd5 5. Bd2 Bg7 6. e4 Nxc3 7. Bxc3 0-0 8. Qd2 e6 9. Nf3 Nd7 10. 0-0-0 c5 11. dxc5 Bxc3 12. Qxc3 Qc7 13. e5 Qxc5 14. Qxc5 Nxc5 15. Ng5 h6 16. b4 Na6 17. Bxa6 bxa6 18. Ne4 Rb8 19. Rd4 Bb7 20. Nf6+ Kg7 21. f3 Bc6 22. Rc4 Bd5 23. Nxd5 exd5 24. Rd4 Rfe8 25. Re1 a5 26. Rxd5 axb4 27. Rd7 Re6 28. Rxa7 b3 29. a4 Rc6+ 30. Kb1 Kg8 31. Re2 Rd8 32. Kb2 Rd3 33. Rb7 Rcc3 34. Rb8+ Kg7 35. Rd8 Re3 36. Rxe3 Rxe3 37. Rd5 Kf8 38. a5 Ke7 39. a6 Ke6 40. Ra5 1-0